Central Library OPAC University of Rajshahi

Statistics : (Record no. 8571)

MARC details
000 -LEADER
fixed length control field 00820nam a2200277 a 4500
001 - CONTROL NUMBER
control field 8571
003 - CONTROL NUMBER IDENTIFIER
rucl marc code BD-RjUL
005 - DATE AND TIME OF LATEST TRANSACTION
control field 20211208234619.0
008 - FIXED-LENGTH DATA ELEMENTS--GENERAL INFORMATION
fixed length control field 140119r19601958nyua 001 0 eng d
035 ## - SYSTEM CONTROL NUMBER
System control number (BD-RjUL)8616
040 ## - CATALOGING SOURCE
Original cataloging agency NLM
Transcribing agency NLM
Modifying agency WSU
-- CRD
-- BD-RjUL
Language of cataloging eng
041 ## - LANGUAGE CODE
Language code of text/sound track or separate title eng
060 0# - NATIONAL LIBRARY OF MEDICINE CALL NUMBER
Classification number QA 276
Item number F841s 1958
082 00 - DEWEY DECIMAL CLASSIFICATION NUMBER
Edition number 23
Classification number 519.5
Author mark and year FRS 1960
100 10 - MAIN ENTRY--PERSONAL NAME
Personal name Fraser, D. A. S.
9 (RLIN) 24635
245 10 - TITLE STATEMENT
Title Statistics :
Remainder of title an introduction /
Statement of responsibility, etc. by D. A. S. Fraser
260 ## - PUBLICATION, DISTRIBUTION, ETC. (IMPRINT)
Place of publication, distribution, etc. New York :
Name of publisher, distributor, etc. Wiley,
Date of publication, distribution, etc. c1958 [reprinted 1960].
300 ## - PHYSICAL DESCRIPTION
Pagination ix, 398 p. :
Illustrations ill.,
Size 24
490 1# - SERIES STATEMENT
Series statement Wiley publications in statistics.
500 ## - GENERAL NOTE
General note Includes index.
650 #2 - SUBJECT ADDED ENTRY--TOPICAL TERM
Topical term or geographic name as entry element Statistics as Topic.
9 (RLIN) 26690
Topical term or geographic name as entry element Statistics.
9 (RLIN) 26691
830 #0 - SERIES ADDED ENTRY--UNIFORM TITLE
Uniform title Wiley publications in statistics.
942 ## - ADDED ENTRY ELEMENTS (KOHA)
Source of classification or shelving scheme Dewey Decimal Classification
Koha item type Books
Holdings
Lost status Source of classification or shelving scheme Damaged status Not for loan Collection code Permanent Location Current Location Shelving location Date acquired Source of acquisition Cost, normal purchase price Total Checkouts Full call number Date last seen Copy number Koha item type
  Dewey Decimal Classification     Non-fiction Central Library, University of Rajshahi Central Library, University of Rajshahi   12/03/1964 Zeitlinger 51.00   519.5 FRS 1960 31/08/2016 C-3 Books
  Dewey Decimal Classification     Non-fiction Central Library, University of Rajshahi Central Library, University of Rajshahi   12/03/1964 Zeitlinger 51.00   519.5 FRS 1960 31/08/2016 C-4 Books
  Dewey Decimal Classification     Non-fiction Central Library, University of Rajshahi Central Library, University of Rajshahi   12/03/1964 Zeitlinger 51.00   519.5 FRS 1960 31/08/2016 C-5 Books
  Dewey Decimal Classification     Non-fiction Central Library, University of Rajshahi Central Library, University of Rajshahi   12/03/1964 Zeitlinger 51.00   519.5 FRS 1960 31/08/2016 C-6 Books
  Dewey Decimal Classification     Non-fiction Central Library, University of Rajshahi Central Library, University of Rajshahi   12/03/1964 Zeitlinger 51.00   519.5 FRS 1960 31/08/2016 C-7 Books
  Dewey Decimal Classification     Non-fiction Central Library, University of Rajshahi Central Library, University of Rajshahi   12/03/1964 Zeitlinger 51.00   519.5 FRS 1960 31/08/2016 C-8 Books
  Dewey Decimal Classification     Non-fiction Central Library, University of Rajshahi Central Library, University of Rajshahi   12/03/1964 Zeitlinger 51.00   519.5 FRS 1960 31/08/2016 C-9 Books
  Dewey Decimal Classification     Non-fiction Central Library, University of Rajshahi Central Library, University of Rajshahi   16/01/1965 Zeithlinger 51.00   519.5 FRS 1960 01/09/2016 C-10 Books
  Dewey Decimal Classification   Not For Loan Non-fiction Central Library, University of Rajshahi Central Library, University of Rajshahi Reading Room 21/03/1964 Zeitlinger 51.00   519.5 FRS 1960 01/09/2016 C-1 Books
  Dewey Decimal Classification     Non-fiction Central Library, University of Rajshahi Central Library, University of Rajshahi   15/01/1965 Zeetlinger 51.00   519.5 FRS 1960 03/09/2016 C-2 Books